[Event "First Saturday 2011 februar FM-B"]
[Site "Budapest"]
[Date "2011.02.14"]
[Round "10"]
[White "Medvegyne, B.Emese"]
[Black "Farkas, Richard"]
[Result "1-0"]
[WhiteElo "2084"]
[BlackElo "1982"]
[PlyCount "107"]
[EventDate "2011.02.05"]

1. e4 c5 2. b3 e6 3. Bb2 Nc6 4. Bb5 a6 5. Bxc6 bxc6 6. Ne2 d5 7. e5 Nh6 8. O-O
Be7 9. d3 O-O 10. Nd2 f6 11. Nf3 Qc7 12. Ng3 Ng4 13. exf6 Bxf6 14. Bxf6 gxf6
15. Qe2 Qd6 16. h3 Nh6 17. Qe3 Nf7 18. Nh5 e5 19. Nh4 Kh8 20. f4 Bd7 21. fxe5
Qxe5 22. Qxe5 fxe5 23. Rae1 a5 24. Nf3 a4 25. Nxe5 Nxe5 26. Rxf8+ Rxf8 27. Rxe5
axb3 28. axb3 Rf5 29. Rxf5 Bxf5 30. g4 Be6 31. Nf4 Bf7 32. g5 Kg7 33. Kf2 Kf8
34. h4 Ke7 35. h5 Be8 36. Kg3 Kf7 37. Kf3 Bd7 38. c3 Bf5 39. Ke3 Kg7 40. d4 Bc2
41. dxc5 Bxb3 42. Kd4 Bd1 43. c4 dxc4 44. Kxc4 Bg4 45. Kd4 Kf7 46. Ke4 Kg7 47.
h6+ Kf7 48. Nd3 Bh3 49. Ne5+ Kg8 50. Kf4 Bg2 51. Kf5 Bd5 52. Kf6 Kh8 53. Ke7
Kg8 54. Kd6 1-0

[Event "First Saturday 2011 februar FM-B"]
[Site "Budapest"]
[Date "2011.02.15"]
[Round "11"]
[White "Farkas, Richard"]
[Black "Szendeff, Miklos"]
[Result "1-0"]
[WhiteElo "1982"]
[BlackElo "1983"]
[PlyCount "133"]
[EventDate "2011.02.05"]

1. e4 c6 2. Nf3 d5 3. Nc3 dxe4 4. Nxe4 h6 5. d4 Nd7 6. Bd3 Ngf6 7. O-O Nxe4 8.
Bxe4 Nf6 9. Bd3 Bg4 10. c3 Qd5 11. Be2 e6 12. h3 Bxf3 13. Bxf3 Qd7 14. Qb3 Bd6
15. Re1 O-O 16. c4 Rad8 17. Be3 b5 18. Rac1 bxc4 19. Qxc4 Nd5 20. Qxc6 Nxe3 21.
fxe3 Qe7 22. e4 Bg3 23. Red1 Qg5 24. d5 Rd6 25. Qc5 Bf4 26. Rc3 exd5 27. exd5
Re8 28. Kf1 Qg3 29. Qf2 Qg5 30. Qxa7 Re3 31. Rxe3 Bxe3 32. Qb8+ Rd8 33. Qb3 Bc5
34. Qc3 Qe7 35. a3 Bd6 36. b4 Ra8 37. Re1 Qa7 38. Re3 Qa6+ 39. Be2 Qb6 40. Re4
Qd8 41. Bb5 Rc8 42. Qxc8 Qxc8 43. Re8+ Qxe8 44. Bxe8 Kf8 45. Bc6 Ke7 46. Ke2 f5
47. Kd3 h5 48. Kc4 g5 49. a4 f4 50. b5 Bc7 51. Kc5 Bd6+ 52. Kd4 Bc7 53. Ke4 g4
54. hxg4 hxg4 55. b6 Bd6 56. a5 f3 57. g3 Bc5 58. Kf4 Kd6 59. Kxg4 f2 60. Bb5
Kxd5 61. Kf5 Kd6 62. g4 Ke7 63. g5 Kf7 64. Bc4+ Kg7 65. Ke6 Kg6 66. Kd7 Kxg5
67. Kc7 1-0

[Event "First Saturday 2011 februar FM-B"]
[Site "Budapest"]
[Date "2011.02.15"]
[Round "11"]
[White "Gruz, Janos"]
[Black "Honch, Pal"]
[Result "1/2-1/2"]
[WhiteElo "1911"]
[BlackElo "2096"]
[PlyCount "80"]
[EventDate "2011.02.05"]

1. d4 Nf6 2. c4 e6 3. Nf3 c5 4. e3 cxd4 5. exd4 d6 6. Bd3 b6 7. Nc3 Bb7 8. O-O
Be7 9. Bg5 Nbd7 10. Qe2 O-O 11. Rfd1 a6 12. Rac1 Re8 13. h3 Bf8 14. Nd2 Qc7 15.
Nde4 Nxe4 16. Nxe4 f5 17. Nc3 g6 18. Qd2 Bg7 19. Bf1 Nf6 20. f3 Nh5 21. Qf2 f4
22. Bh4 Rf8 23. Qe1 Rae8 24. Bf2 d5 25. cxd5 exd5 26. Qd2 Qd6 27. Re1 b5 28. a3
Qf6 29. Rxe8 Rxe8 30. Ne2 Rf8 31. Qb4 Rf7 32. Be1 Qe6 33. Bf2 Qb6 34. Qd2 h6
35. Qd3 Rf8 36. Be1 Re8 37. Bd2 Qd6 38. Bb4 Qe6 39. Bd2 Bc8 40. Qc2 Kh7 {
afte 26 move} 1/2-1/2

[Event "First Saturday 2011 februar FM-B"]
[Site "Budapest"]
[Date "2011.02.15"]
[Round "11"]
[White "Koczo, Kristof"]
[Black "Tessedik, Karoly"]
[Result "1-0"]
[WhiteElo "2236"]
[BlackElo "1913"]
[PlyCount "77"]
[EventDate "2011.02.05"]

1. d4 Nf6 2. c4 g6 3. Nc3 d5 4. cxd5 Nxd5 5. g3 c6 6. Bg2 Nxc3 7. bxc3 Bg7 8.
e3 Qa5 9. Ne2 Be6 10. O-O Bc4 11. Bd2 Nd7 12. Re1 O-O 13. Nc1 Rad8 14. Nb3 Qc7
15. Qc2 g5 16. Bc1 Rfe8 17. Ba3 b6 18. Nd2 Ba6 19. Qe4 c5 20. Qc6 Rc8 21. Qxc7
Rxc7 22. Rac1 Rec8 23. d5 Ne5 24. Rb1 b5 25. Bf1 c4 26. e4 Nd3 27. Bxd3 cxd3
28. e5 Rxc3 29. Bxe7 Bf8 30. Bf6 Rc2 31. d6 Rxd2 32. d7 Bc5 33. Rec1 Bxf2+ 34.
Kf1 Rb8 35. Rxb5 Rd8 36. Bxd8 Bxb5 37. Ba5 Rxa2 38. d8=Q+ Kg7 39. Qf6+ 1-0

[Event "First Saturday 2011 februar FM-B"]
[Site "Budapest"]
[Date "2011.02.15"]
[Round "11"]
[White "Abul, Qasem"]
[Black "Bodi, Tibor"]
[Result "0-1"]
[WhiteElo "1981"]
[BlackElo "2009"]
[PlyCount "90"]
[EventDate "2011.02.05"]

1. b4 d5 2. Bb2 Bf5 3. Nf3 f6 4. e3 e5 5. c4 c6 6. Qb3 Be6 7. d4 e4 8. Nfd2 f5
9. Nc3 Nf6 10. b5 Nbd7 11. a4 Bd6 12. Be2 O-O 13. O-O Kh8 14. c5 Bc7 15. f3
exf3 16. gxf3 Nh5 17. f4 Nhf6 18. Ba3 Bg8 19. Nf3 Ng4 20. Nd1 Rf6 21. h3 Nh6
22. Nf2 Rg6+ 23. Kh2 Qb8 24. Nd3 Nf7 25. Rab1 Qe8 26. Nfe5 Nfxe5 27. fxe5 Nxe5
28. Nxe5 Bxe5+ 29. dxe5 Qxe5+ 30. Rf4 d4 31. Qd3 Bd5 32. Rg1 dxe3 33. Qd4 Qc7
34. Bb2 Re8 35. b6 axb6 36. cxb6 Qe7 37. h4 Rxg1 38. Kxg1 Rg8 39. Rxf5 Qe6 40.
Rg5 Qh3 41. Qxd5 cxd5 42. h5 Qh4 43. Rg2 d4 44. a5 Qe4 45. h6 gxh6 0-1

[Event "First Saturday 2011 februar FM-B"]
[Site "Budapest"]
[Date "2011.02.15"]
[Round "11"]
[White "Zoltan, Andras"]
[Black "Darazs, Zoltan"]
[Result "1/2-1/2"]
[WhiteElo "1969"]
[BlackElo "2197"]
[PlyCount "20"]
[EventDate "2011.02.05"]

1. e4 Nf6 2. e5 Nd5 3. Nf3 d6 4. d4 g6 5. exd6 cxd6 6. c3 Bg7 7. Be2 O-O 8. O-O
Nc6 9. c4 Nb6 10. Nc3 Bg4 1/2-1/2